Nuevas historias de Franz en la escuela
Furkejuvvon:
| Váldodahkki: | |
|---|---|
| Materiálatiipa: | Girji |
| Giella: | espánnjágiella |
| Almmustuhtton: |
Bogotá
Grupo editorial NORMA
1990
|
| Ráidu: | Colección Torre de Papel. Torre Roja
|
| Fáttát: | |
| Fáddágilkorat: |
Lasit fáddágilkoriid
Eai fáddágilkorat, Lasit vuosttaš fáddágilkora!
|
MARC
| LEADER | 00000nam a2200000 a 4500 | ||
|---|---|---|---|
| 001 | UCH8228 | ||
| 003 | CL-VaPUC | ||
| 008 | 091127e19900000CK |||||||||||||||||spa|d | ||
| 020 | |a 9580410135 | ||
| 082 | 0 | 4 | |a 832 |b NOS |2 21 |
| 100 | |a Nöstlinger, Christine |e autora |9 462415 | ||
| 245 | 1 | 0 | |a Nuevas historias de Franz en la escuela |
| 300 | |a 60 p | ||
| 942 | |c BK | ||
| 945 | |d 20091127 00:00:00 |a lazolas | ||
| 260 | |a Bogotá |b Grupo editorial NORMA |c 1990 | ||
| 500 | |a Destinada a niños desde 7 años | ||
| 650 | 0 | |a Literatura austríaca |9 334012 | |
| 650 | 0 | |a Novelas austriacas |9 269443 | |
| 583 | |a last modification |c 20091127 00:00:00 |k Rodrigo Vera | ||
| 490 | 0 | |a Colección Torre de Papel. Torre Roja | |
| 999 | |c 338460 |d 338458 | ||